[Event "ISL-chT1 1920"]
[Site "Reykjavik"]
[Date "2019.10.03"]
[Round "1.5"]
[White "Maack, Kjartan"]
[Black "Galaktionov, Artem"]
[Result "0-1"]
[WhiteElo "2082"]
[BlackElo "2319"]
[PlyCount "66"]
[EventDate "2019.10.03"]
[EventType "team-tourn"]
[EventRounds "9"]
[EventCountry "ISL"]
[SourceTitle "CBM 195 Extra"]
[Source "ChessBase"]
[SourceDate "2020.05.31"]
[SourceVersion "1"]
[SourceVersionDate "2020.05.31"]
[SourceQuality "1"]
[WhiteTeam "Taflfelag Reykjavikur II"]
[BlackTeam "Skakfelag Selfoss"]
[WhiteTeamCountry "ISL"]
[BlackTeamCountry "ISL"]

1. c4 e6 2. g3 d5 3. Bg2 Nf6 4. Nf3 Be7 5. b3 b6 6. 0-0 Bb7 7. Bb2 c5 8. e3 dxc4 9. bxc4 0-0 10. Qe2 Nc6 11. Rd1 Qc7 12. Nc3 Rac8 13. Rac1 Rfd8 14. d4 a6 15. d5 exd5 16. cxd5 Na5 17. e4 b5 18. Nh4 b4 19. Nb1 c4 20. d6 Rxd6 21. Rxd6 Qxd6 22. e5 Qe6 23. Bxb7 Nxb7 24. Qf3 Nd5 25. Nf5 Bf8 26. Re1 c3 27. Bc1 c2 28. Nd2 Rc3 29. Qh5 Qg6 30. Qxg6 hxg6 31. Nd4 Nc5 32. Ne4 Nxe4 33. Rxe4 Rc4 0-1

[Event "ISL-chT1 1819"]
[Site "Reykjavik"]
[Date "2019.03.02"]
[Round "9.1"]
[White "Thorfinnsson, Bjorn"]
[Black "Maack, Kjartan"]
[Result "1-0"]
[WhiteElo "2411"]
[BlackElo "2081"]
[PlyCount "59"]
[EventDate "2018.11.08"]
[EventType "team-tourn"]
[EventRounds "9"]
[EventCountry "ISL"]
[SourceTitle "CBM 189 Extra"]
[Source "ChessBase"]
[SourceDate "2019.06.03"]
[SourceVersion "1"]
[SourceVersionDate "2019.06.03"]
[SourceQuality "1"]
[WhiteTeam "Vikingaklubburinn"]
[BlackTeam "Taflfelag Reykjavikur II"]
[WhiteTeamCountry "ISL"]
[BlackTeamCountry "ISL"]

1. d4 e6 2. c4 f5 3. g3 Nf6 4. Bg2 c6 5. Nf3 d5 6. 0-0 Bd6 7. b3 Qe7 8. a4 a5 9. Ba3 Bxa3 10. Nxa3 0-0 11. Nc2 b6 12. Ne5 Bb7 13. Ne1 Na6 14. N1d3 Rac8 15. cxd5 cxd5 16. Rc1 Nb4 17. Qd2 Nxd3 18. Nxd3 Ba6 19. Ne5 Nd7 20. Qe3 Qd6 21. Nf3 Rxc1 22. Rxc1 Rc8 23. Rxc8+ Bxc8 24. Qc1 Ba6 25. Bf1 h6 26. e3 Bxf1 27. Qc8+ Kh7 28. Kxf1 Nf6 29. Ne5 Ng4 30. Nd7 1-0

[Event "ISL-chT2 1718"]
[Site "Reykjavik"]
[Date "2017.10.21"]
[Round "3.2"]
[White "Gudmarsson, Olafur"]
[Black "Maack, Kjartan"]
[Result "0-1"]
[WhiteElo "1724"]
[BlackElo "2077"]
[PlyCount "138"]
[EventDate "2017.10.20"]
[EventType "team-tourn"]
[EventRounds "7"]
[EventCountry "ISL"]
[SourceTitle "CBM 181 Extra"]
[Source "ChessBase"]
[SourceDate "2017.12.12"]
[SourceVersion "1"]
[SourceVersionDate "2017.12.12"]
[SourceQuality "1"]
[WhiteTeam "Selfoss"]
[BlackTeam "Reykjavik II"]
[WhiteTeamCountry "ISL"]
[BlackTeamCountry "ISL"]

1. e4 e6 2. Nc3 d5 3. exd5 exd5 4. d4 c6 5. Bd3 Bd6 6. Nge2 Bg4 7. h3 Bh5 8. Be3 Nd7 9. Qd2 Qc7 10. Nf4 Ngf6 11. g4 Bg6 12. Bxg6 hxg6 13. Nd3 Nxg4 14. Bg5 Nh6 15. 0-0-0 f6 16. Rde1+ Kf7 17. Bxh6 Rxh6 18. Qe2 Nf8 19. Qf3 Kg8 20. Re2 Qd7 21. Nd1 Re8 22. Ne3 f5 23. Rhe1 Re4 24. c3 Ne6 25. Qg2 Nf4 26. Nxf4 Bxf4 27. Kc2 Kf7 28. Kd3 Rh8 29. Rg1 Qe6 30. Qf3 Re8 31. Ree1 Bxe3 32. fxe3 c5 33. Qg3 cxd4 34. cxd4 Qa6+ 35. Kc2 Rc8+ 36. Kb1 Qd3+ 37. Ka1 Rc6 38. Qf3 Rxd4 39. Rd1 Qe4 40. Qf2 Rxd1+ 41. Rxd1 Qc2 42. Qf1 Rb6 43. Rb1 Qd2 44. Qg1 Rb3 45. Qg3 Rxe3 46. Qc7+ Re7 47. Qg3 d4 48. Qb3+ Kf6 49. Qg3 f4 50. Qg4 Kf7 51. a3 d3 52. Qg5 Qe3 53. Qd5+ Kf6 54. Qd6+ Re6 55. Qf8+ Kg5 56. Qd8+ Kf5 57. Qd5+ Re5 58. Qf7+ Kg5 59. Rh1 d2 60. h4+ Kh5 61. Qxg7 Qe1+ 62. Ka2 d1Q 63. Qh7+ Kg4 64. Qxg6+ Kf3 65. Rh3+ Qg3 66. Rxg3+ fxg3 67. Qf6+ Ke4 68. Qg6+ Rf5 69. Qxg3 Qd5+ 0-1

[Event "ISL-chT 1314"]
[Site "Reykjavik"]
[Date "2014.03.01"]
[Round "8.1"]
[White "Sigurpalsson, Runar"]
[Black "Maack, Kjartan"]
[Result "1-0"]
[WhiteElo "2230"]
[BlackElo "2140"]
[PlyCount "103"]
[EventDate "2013.10.10"]
[EventType "team-tourn"]
[EventRounds "9"]
[EventCountry "ISL"]
[SourceTitle "EXT 2015"]
[Source "ChessBase"]
[SourceDate "2014.11.20"]
[SourceVersion "1"]
[SourceVersionDate "2014.11.20"]
[SourceQuality "1"]
[WhiteTeam "Akureyri"]
[BlackTeam "Reykjavik II"]
[WhiteTeamCountry "ISL"]
[BlackTeamCountry "ISL"]

1. e4 e6 2. d3 d5 3. Nd2 Nf6 4. g3 c5 5. Bg2 Nc6 6. Ngf3 Be7 7. 0-0 0-0 8. e5 Nd7 9. Qe2 Qc7 10. Re1 b5 11. Nf1 a5 12. h4 b4 13. Bf4 a4 14. Ne3 a3 15. b3 Na7 16. Ng5 Bxg5 17. hxg5 Qd8 18. Qh5 Nb5 19. Bf3 Qe8 20. Kg2 f5 21. Qh4 g6 22. Nxd5 Ra7 23. Nf6+ Nxf6 24. exf6 Nd4 25. Bd1 Bb7+ 26. f3 Qc6 27. Re3 Raa8 28. Be5 Qd5 29. Qf4 Rad8 30. Rc1 Nc6 31. c4 bxc3 32. Rxc3 Nb4 33. Bc7 Rd7 34. Bb6 Rc8 35. Bxc5 Nxa2 36. Rc2 Rxc5 37. Rxa2 e5 38. Qb4 Rc1 39. Qd2 Rdc7 40. Rxa3 Rxd1 41. Qxd1 Qc5 42. d4 Qxa3 43. dxe5 Qb2+ 44. Re2 Bxf3+ 45. Kxf3 Qc3+ 46. Kg2 Qc6+ 47. Kh2 Rd7 48. Rd2 Rc7 49. Rd8+ Kf7 50. Rh8 Ke6 51. Re8+ Kf7 52. Qd8 1-0

[Event "ISL-chT 1314"]
[Site "Reykjavik"]
[Date "2014.02.28"]
[Round "7.3"]
[White "Maack, Kjartan"]
[Black "Bjarnason, Vignir"]
[Result "1/2-1/2"]
[WhiteElo "2140"]
[BlackElo "1911"]
[PlyCount "56"]
[EventDate "2013.10.10"]
[EventType "team-tourn"]
[EventRounds "9"]
[EventCountry "ISL"]
[SourceTitle "EXT 2015"]
[Source "ChessBase"]
[SourceDate "2014.11.20"]
[SourceVersion "1"]
[SourceVersionDate "2014.11.20"]
[SourceQuality "1"]
[WhiteTeam "Reykjavik II"]
[BlackTeam "Fjolnis"]
[WhiteTeamCountry "ISL"]
[BlackTeamCountry "ISL"]

1. c4 Nf6 2. g3 c5 3. Bg2 e6 4. Nf3 b6 5. 0-0 Bb7 6. b3 Be7 7. Bb2 0-0 8. Nc3 d6 9. d4 cxd4 10. Qxd4 a6 11. Rfd1 Qc7 12. Rac1 Nbd7 13. e4 Rfd8 14. Ne1 Rab8 15. Nc2 h6 16. Ne3 Nc5 17. f3 Ncd7 18. Qd2 Ba8 19. Qe2 Bb7 20. f4 Nc5 21. Qc2 Rbc8 22. b4 Ncd7 23. Qb3 Qb8 24. f5 Nf8 25. fxe6 fxe6 26. a3 Rc7 27. Qc2 Qa8 28. Qd3 Ng6 1/2-1/2

[Event "ISL-chT 1314"]
[Site "Reykjavik"]
[Date "2013.10.12"]
[Round "4.3"]
[White "Grandelius, Nils"]
[Black "Maack, Kjartan"]
[Result "1-0"]
[WhiteElo "2547"]
[BlackElo "2140"]
[PlyCount "49"]
[EventDate "2013.10.10"]
[EventType "team-tourn"]
[EventRounds "9"]
[EventCountry "ISL"]
[SourceTitle "EXT 2014"]
[Source "ChessBase"]
[SourceDate "2013.11.20"]
[SourceVersion "1"]
[SourceVersionDate "2013.11.20"]
[SourceQuality "1"]
[WhiteTeam "Vestmannaeyja"]
[BlackTeam "Reykjavik II"]
[WhiteTeamCountry "ISL"]
[BlackTeamCountry "ISL"]

1. e4 e6 2. d4 d5 3. Nc3 Nf6 4. Bg5 Bb4 5. e5 h6 6. Be3 Ne4 7. Qg4 g6 8. a3 Bxc3+ 9. bxc3 c5 10. Bd3 h5 11. Qh3 Nxc3 12. dxc5 Qc7 13. Nf3 b6 14. cxb6 axb6 15. 0-0 Ba6 16. Rfe1 Ne4 17. Nd4 Qd7 18. Bxe4 dxe4 19. Rad1 Qe7 20. Bd2 Bc4 21. Bb4 Qb7 22. Qh4 Na6 23. Qf6 Rh7 24. Bd6 Rc8 25. Rb1 1-0

[Event "Oban op"]
[Site "Oban"]
[Date "2012.11.16"]
[Round "1"]
[White "Maack, Kjartan"]
[Black "Ntirlis, Nikolaos"]
[Result "1-0"]
[WhiteElo "2128"]
[BlackElo "1912"]
[PlyCount "47"]
[EventDate "2012.11.16"]
[EventType "swiss"]
[EventRounds "5"]
[EventCountry "SCO"]
[SourceTitle "EXT 2023"]
[Source "ChessBase"]
[SourceDate "2022.10.05"]
[SourceVersion "1"]
[SourceVersionDate "2022.10.05"]
[SourceQuality "1"]

1. c4 e6 2. g3 d5 3. Bg2 Nf6 4. Nf3 Be7 5. 0-0 0-0 6. b3 c5 7. e3 Nc6 8. Bb2 b6 9. Qe2 Bb7 10. d3 Rc8 11. Rd1 Qc7 12. Nc3 Rfd8 13. Rac1 Qb8 14. cxd5 Nxd5 15. Nxd5 Rxd5 16. d4 cxd4 17. Nxd4 Nxd4 18. Bxd4 Rxc1 19. Rxc1 Rd8 20. Qg4 Bf8 21. Bxb7 Qxb7 22. Qf4 Bd6 23. Qg5 Be7 24. Qxg7# 1-0